000 00662nam a22001937a 4500
005 20171213111315.0
010 _aUR-9965
020 _c54.00
_a-
035 _aU-8520
037 _bDBAD/PUB
100 _aا بو ا لا علی مو د و د ی
245 _aد ینیا ت
_cا بو ا لا علی مو د و د ی
246 _bDeeniyat
_aby Abul A'la Maudoodi
260 _aNew Delhi
_bMarkazi Maktaba Islami Publishers
_c2016
270 _aD-307,Dawat Nagar,Abul Fazal Enclave,Jamia Ngr.
_bN.Delhi
_e110025
_k26981652
_l-
300 _a115ص
_c22 Cm.(B.b)
500 _aدو حصہ
942 _2ddc
_cUR
_h270
_mا ب و
999 _c147970
_d147970